| 000 | 01426cam a2200313Ia 4500 | ||
|---|---|---|---|
| 001 | aliencontactfirs00rand | ||
| 003 | CaSfIA | ||
| 005 | 20210117182703.0 | ||
| 007 | cr|||| | ||
| 008 | 970820s1997 nyua b 001 0 eng d | ||
| 040 |
_aNVC _cNVC _dOKS _dCaSfIA |
||
| 020 | _a0760705453 | ||
| 020 | _a9780760705452 | ||
| 035 | _a(OCoLC)37503601 | ||
| 050 | 4 |
_aBF2050 _b.R36 1997a |
|
| 092 | _a001.942 | ||
| 100 | 1 | _aRandles, Jenny. | |
| 245 | 1 | 0 |
_aAlien contact : _h[electronic resource] _bthe first fifty years / _cJenny Randles. |
| 260 |
_aNew York : _bBarnes & Noble, _cc1997. |
||
| 300 |
_a144 p. : _bill. ; _c26 cm. |
||
| 504 | _aIncludes bibliographical references (p. 139-140) and index. | ||
| 650 | 0 |
_aHuman-alien encounters _xHistory. |
|
| 856 | 4 | 1 |
_uhttp://www.archive.org/details/aliencontactfirs00rand _zFree eBook from the Internet Archive |
| 856 | 4 | 2 |
_uhttp://www.openlibrary.org/books/OL23002506M _zAdditional information and access via Open Library |
| 999 |
_c466718 _d466718 |
||
| 942 | _cEB | ||
| 506 | _fНеобхідна авторизація на https://archive.org/ (створення облікового запису безкоштовно) | ||
| 506 | _fНеобхідна авторизація на https://openlibrary.org/ (створення облікового запису безкоштовно) | ||